000 01161nmc a2200373 a 4500
003 AR-BaBNM
005 20251128210515.0
008 190020s1995 ||||||||||||||000 | spa||
020 _a84-7584-272-0
040 _cAR-BaBNM
245 1 0 _aLa salud en la escuela y la guardería
_baspectos biológicos, psicológicos y sociales
250 _a1ª ed.
260 _aBarcelona
_bLaertes
_c1995
300 0 _a351 p.
_btablas
490 0 _aPediatría
_vv. 4
500 0 _aContiene referencias bibliográficas
500 0 _aEste material fue elaborado con la colaboración del Forum de Pediatría Psicosocial
650 4 _aMEDICINA
650 4 _aODONTOLOGIA
650 4 _aEDUCACION NUTRICIONAL
650 4 _aINTEGRACION ESCOLAR
650 4 _aPREVENCION DE ENFERMEDADES
650 4 _aPROBLEMAS DE COMPORTAMIENTO
650 4 _aPROBLEMAS DE ADAPTACION
653 0 _aEDUCACION PRIMARIA
653 0 _aEDUCACION INICIAL
653 0 _aJARDINES MATERNALES
653 0 _aEDUCACION PARA LA SALUD
700 1 _aCallabed, Joaquín
_eeditor
700 1 _aMoraga, Fernando
_eeditor
700 1 _aSasot, Jordi
_eeditor
942 _cBK
998 _cRaquel
999 _c15725
_d15725